000
00465nam a2200169Ia 4500
008
090711s9999 xx 000 0 und d
082
_b
80062
100
_a
यशवंत कवी
245
_a
यशोधन
260
_b
अनंत सखाराम गोखले
_c
1932
300
_a
160
600
_a
यशवंत कवी
630
_a
यशोधन
700
_a
यशवंत कवी
730
_a
यशोधन
942
_c
BOOK
999
_c
288878
_d
288878